| 000 | 00695nam a2200253Ia 4500 | ||
|---|---|---|---|
| 008 | 160803s9999 xx 000 0 und d | ||
| 020 | _a0 439304709 | ||
| 100 | _aSwanson, Diane | ||
| 245 | _aBurp! : | ||
| 245 | _bthe most interesting book you'll ever read about eating / | ||
| 245 | _cwritten by Diane Swanson ; illustrated by Rose Cowles. | ||
| 260 | _aNew York : | ||
| 260 | _bScholastic Inc. | ||
| 260 | _c2001 | ||
| 300 | _a40 pages : | ||
| 300 | _bcolor illustrations ; | ||
| 300 | _c20 cm. | ||
| 440 | _aMysterious you. | ||
| 650 | _aDigestion -- | ||
| 650 | _aNutrition -- | ||
| 650 | _xJuvenile literature. | ||
| 650 | _xJuvenile literature. | ||
| 700 | _a1050 | ||
| 999 |
_c299163 _d299163 |
||